000 00293nam a22001337a 4500
008 170322b xxu||||| |||| 00| 0 eng d
020 _a9780397511716
041 _aeng
080 _a616.8
100 _a7
101 _aSHM
245 _aMEDICAL NEURO ANATOMY
_cWILLARD.F.H
942 _2udc
_cBK
999 _c8377
_d8377